[Event "KOS-ch"]
[Site "Pristina"]
[Date "2022.11.20"]
[Round "8"]
[White "Sadiku, Ylber"]
[Black "Basha, Lir"]
[Result "1/2-1/2"]
[WhiteElo "1869"]
[BlackElo "1394"]
[PlyCount "97"]
[EventDate "2022.11.11"]
[EventType "swiss"]
[EventRounds "9"]
[EventCountry "KOS"]
[SourceTitle "CBM 211 Extra"]
[Source "ChessBase"]
[SourceDate "2023.01.31"]
[SourceVersion "1"]
[SourceVersionDate "2023.01.31"]
[SourceQuality "1"]

1. e4 c6 2. d4 d5 3. e5 Bf5 4. g4 Be4 5. f3 Bg6 6. e6 Qd6 7. exf7+ Bxf7 8. Bd3 Nd7 9. c3 e5 10. Qb3 0-0-0 11. Ne2 Be6 12. Bg5 Be7 13. Bxe7 Nxe7 14. Nd2 h5 15. gxh5 Rxh5 16. 0-0-0 Rdh8 17. c4 Rxh2 18. Rxh2 Rxh2 19. c5 Qc7 20. Qb4 Bf5 21. Bxf5 Nxf5 22. Re1 b6 23. dxe5 bxc5 24. Qg4 Qxe5 25. f4 Qe6 26. Nf1 Rh6 27. Qg1 d4 28. Qf2 Qxa2 29. Nd2 Ne3 30. Ng3 Nb6 31. Rxe3 dxe3 32. Qxe3 Na4 33. Qe8+ Kc7 34. Qe5+ Rd6 35. Nf5 Qd5 36. Nxd6 Qxd6 37. Qxg7+ Kb6 38. Qg3 Qd4 39. Qb3+ Kc7 40. f5 Qf4 41. f6 Nb6 42. Qe6 Nd7 43. f7 a6 44. Kd1 Qf2 45. Ne4 Qd4+ 46. Kc2 c4 47. Nf6 Qd3+ 48. Kc1 Qd1+ 49. Kxd1 1/2-1/2

[Event "Pristina Nderkombetar op"]
[Site "Pristina"]
[Date "2022.06.21"]
[Round "7"]
[White "Sejdiu, Bekim"]
[Black "Sadiku, Ylber"]
[Result "0-1"]
[WhiteElo "2175"]
[BlackElo "1810"]
[PlyCount "68"]
[EventDate "2022.06.17"]
[EventType "swiss"]
[EventRounds "9"]
[EventCountry "KOS"]
[SourceTitle "CBM 209 Extra"]
[Source "ChessBase"]
[SourceDate "2022.09.30"]
[SourceVersion "1"]
[SourceVersionDate "2022.09.30"]
[SourceQuality "1"]

1. e4 c6 2. d4 d5 3. exd5 cxd5 4. Nf3 Nc6 5. c4 e6 6. Nc3 Bb4 7. Be2 h6 8. 0-0 Nf6 9. cxd5 exd5 10. Ne5 a6 11. Qa4 Qb6 12. Bb5 axb5 13. Qxa8 0-0 14. Nxc6 bxc6 15. Na4 bxa4 16. Qxa4 Ba6 17. Rd1 Be2 18. Bd2 Bd6 19. Re1 Bb5 20. Qc2 Qxd4 21. a4 Bc4 22. b3 Bd3 23. Qxc6 Bxh2+ 24. Kxh2 Qh4+ 25. Kg1 Ng4 26. Qd6 Qxf2+ 27. Kh1 Qxd2 28. Qxd5 Qf4 29. g3 Qxg3 30. Qg2 Qh4+ 31. Kg1 f5 32. Rac1 Be4 33. Rxe4 fxe4 34. a5 Rf3 0-1

[Event "Pristina Nderkombetar op"]
[Site "Pristina"]
[Date "2022.06.17"]
[Round "1"]
[White "Sadiku, Ylber"]
[Black "Berisha, Enver"]
[Result "0-1"]
[WhiteElo "1810"]
[BlackElo "2165"]
[PlyCount "48"]
[EventDate "2022.06.17"]
[EventType "swiss"]
[EventRounds "9"]
[EventCountry "KOS"]
[SourceTitle "CBM 209 Extra"]
[Source "ChessBase"]
[SourceDate "2022.09.30"]
[SourceVersion "1"]
[SourceVersionDate "2022.09.30"]
[SourceQuality "1"]

1. e4 c5 2. Nf3 d6 3. d4 cxd4 4. Nxd4 Nf6 5. Nc3 a6 6. Be2 e5 7. Nf3 h6 8. 0-0 Be7 9. h3 0-0 10. Be3 Be6 11. Qd2 Re8 12. Rad1 Nc6 13. Ne1 Rc8 14. f4 exf4 15. Rxf4 Ne5 16. Rh4 Ng6 17. Rh5 Nxh5 18. Bxh5 Ne5 19. Qf2 Nc4 20. Bd4 Bh4 21. g3 Bf6 22. e5 Bxe5 23. b3 Bxd4 24. Qxd4 Qg5 0-1